000 01090nam0a2200349 4500
001 RU\NLR\bibl\298689
005 20250620144616.0
010 _a5-230-19747-1
_9200
021 _aRU
_b2002-18947
_9952
035 _a(NLR Aleph) 000293984
090 _a1721729
_c1721729
100 _a20020812d2002 |||y0rusy50 ca
101 0 _arus
102 _aRU
105 _aa |||||||||
200 1 _aОсновы общей механики движения материи
_fА. Г. Евстафьев
210 _aМ.
_cМГУИЭ
_d2002
215 _a29 с.
_cил.
_d20
320 _aБиблиогр.: с. 28
606 0 _aВещество
_xТермодинамические свойства
_91530861
_3RU\NLR\auth\66666551
610 0 _aДвижение (физ.)
675 _a530.145.61
_v3
_zrus
686 _a29
_2rugasnti
686 _a22.314
_2rubbk
686 _aВ317.1
700 1 _aЕвстафьев
_bА. Г.
_4070
801 0 _aRU
_bRKP
_c20020812
_gPSBO
801 1 _aRU
_bRKP
_c20020812
801 2 _aRU
_bNLR
_c20021003
_grcr
942 _cBOOK
980 _aNB